000 00592nam a2200205 a 4500
005 20240924070659.0
008 991125s2006 mx 000 0 spa u
020 _a9781405478595
035 _aUPN01000049739
049 _aC
050 4 _aD21.5
_bA8.4
245 0 0 _aAtlas de historia del mundo /
_ced. de Kate Santon ; tr. Gemma Deza.
260 _aMalasia :
_bParragon
_cc2006.
300 _a320 p. :
_bil. col., mapas
650 4 _aGEOGRAFIA HISTORICA -
_vMAPAS
_911550
650 4 _aHistoria universal
_95508
650 4 _aAtlas
_98563
700 1 _aSanton, Kate,
_eed.
905 _aLibro
999 _c49739
_d49739